Normal view
MARC view
- Orillo, Daphne Gel.
Entry Personal Name
001 - CONTROL NUMBER
- control field: 38497
003 - CONTROL NUMBER IDENTIFIER
- control field: OSt
005 - DATE AND TIME OF LATEST TRANSACTION
- control field: 20190425102927.0
008 - FIXED-LENGTH DATA ELEMENTS
- fixed length control field: 190425|| aca||aabn | a|a d
040 ## - CATALOGING SOURCE
- Original cataloging agency: OSt
- Transcribing agency: OSt
100 ## - HEADING--PERSONAL NAME
- Personal name: Orillo, Daphne Gel.
670 ## - SOURCE DATA FOUND
- Source citation: Work cat.: (OSt): Salvador, Cristopher. 38495, Motivational factor and organizational commitment of employees of tertiary hospitals in Digos City /, November 2018.
